The relaxation response / (Record no. 4970)
[ view plain ]
| 000 -LEADER | |
|---|---|
| fixed length control field | 00866cam a2200301 i 4500 |
| 001 - CONTROL NUMBER | |
| control field | 0000005166 |
| 005 - DATE AND TIME OF LATEST TRANSACTION | |
| control field | 20170406120418.0 |
| 008 - FIXED-LENGTH DATA ELEMENTS--GENERAL INFORMATION | |
| fixed length control field | 750428s1975 nyua b 001 0 eng |
| 010 ## - LIBRARY OF CONGRESS CONTROL NUMBER | |
| LC control number | 75014309 |
| 020 ## - INTERNATIONAL STANDARD BOOK NUMBER | |
| International Standard Book Number | 0688029558 |
| 035 ## - SYSTEM CONTROL NUMBER | |
| -- | (DLC) 75014309 |
| 040 ## - CATALOGING SOURCE | |
| Original cataloging agency | DLC |
| Transcribing agency | DLC |
| Modifying agency | DLC |
| 050 00 - LIBRARY OF CONGRESS CALL NUMBER | |
| Classification number | RC685.H8 |
| Item number | B4 |
| 060 #0 - NATIONAL LIBRARY OF MEDICINE CALL NUMBER | |
| Classification number | WB545 B474r |
| 082 00 - DEWEY DECIMAL CLASSIFICATION NUMBER | |
| Classification number | 616.1/32 |
| 100 1# - MAIN ENTRY--PERSONAL NAME | |
| Personal name | Benson, Herbert, |
| Dates associated with a name | 1935-. |
| 245 14 - TITLE STATEMENT | |
| Title | The relaxation response / |
| Statement of responsibility, etc. | by Herbert Benson. |
| 260 ## - PUBLICATION, DISTRIBUTION, ETC. | |
| Place of publication, distribution, etc. | New York : |
| Name of publisher, distributor, etc. | Morrow, |
| Date of publication, distribution, etc. | 1975. |
| 300 ## - PHYSICAL DESCRIPTION | |
| Extent | 158 p. : |
| Other physical details | ill. ; |
| Dimensions | 22 cm. |
| 500 ## - GENERAL NOTE | |
| General note | Includes index. |
| 504 ## - BIBLIOGRAPHY, ETC. NOTE | |
| Bibliography, etc. note | Bibliography: p. 129-150. |
| 650 #0 - SUBJECT ADDED ENTRY--TOPICAL TERM | |
| Topical term or geographic name entry element | Relaxation. |
| 650 #0 - SUBJECT ADDED ENTRY--TOPICAL TERM | |
| Topical term or geographic name entry element | Stress (Psychology) |
| General subdivision | Prevention. |
| 650 #0 - SUBJECT ADDED ENTRY--TOPICAL TERM | |
| Topical term or geographic name entry element | Hypertension |
| General subdivision | Prevention. |
| 650 #2 - SUBJECT ADDED ENTRY--TOPICAL TERM | |
| Topical term or geographic name entry element | Relaxation. |
| 650 #2 - SUBJECT ADDED ENTRY--TOPICAL TERM | |
| Topical term or geographic name entry element | Stress, Psychological |
| General subdivision | Prevention and control. |
| 908 ## - PUT COMMAND PARAMETER (RLIN) | |
| Put command parameter | 141204 |
| Withdrawn status | Lost status | Source of classification or shelving scheme | Damaged status | Not for loan | Home library | Current library | Shelving location | Date acquired | Full call number | Barcode | Date last seen | Copy number | Price effective from | Koha item type |
|---|---|---|---|---|---|---|---|---|---|---|---|---|---|---|
| Withdrawn | CUZ Harare Campus | CUZ Harare Campus | Open Shelf | 06.04.2017 | RC 685.H8 B4 | BK0005987 | 27.02.2024 | CU11159 | 06.04.2017 | OS Book |